Statistiques concernant Voc allemand - Circulation

Cliquez ici pour prendre le quiz!

Statistiques générales

  • Ce quiz a été pris 11 fois
    (2 depuis la dernière actualisation)
  • Le résultat moyen est 66 sur 110

Statistiques - réponses

HintRéponse% Correct
BringenApporter
100%
MitnehmenEmporter
100%
WandernFaire de la randonnée / randonner
100%
Der Unfall, ¨-eL'accident
100%
Das ZimmerLa chambre
100%
Der Bahnhof, ¨-eLa gare
100%
Das Motorrad, ¨-erLa moto
100%
Der Spaziergang, ¨-eLa promenade
100%
Die Strasse, -nLa rue / la route
100%
Die Landung, -enL'atterrissage
100%
Das Flugzeug, -eL'avion
100%
Das Gleis, -eLa voie
100%
Der WagenLa voiture
100%
Der Bus, -seLe bus
100%
Der Weg, -eLe chemin
100%
Die Rundfahrt, -enLe circuit / le tour
100%
Die AbfahrtLe départ
100%
Die Ampel, -nLe feu de circulation / feu tricolore
100%
Das VerkehrsmittelLe moyen de transport
100%
Das Museum, MuseenLe musée
100%
Der Schritt, -eLe pas
100%
Der Hafen, -"Le port
100%
Der Tourist, -enLe touriste
100%
Das Fahrrad, ¨-erLe vélo
100%
Die Reise, -nLe voyage
100%
VerpassenManquer / rater
100%
ParkenParquer / se garer
100%
TragenPorter
100%
Buchen | ReservierenRéserver
100%
Spazieren gehenSe promener
100%
TransportierenTransporter
100%
(Ab)holenAller chercher
50%
UmsteigenChanger
50%
LadenCharger
50%
AbfliegenDécoller
50%
StartenDémarrer
50%
AussteigenDescendre
50%
BeschädigenEndommager
50%
EinchekenEnregistrer
50%
ZusammenstossenEntrer en collision / s'entrechoquer / se heurter
50%
Sich verspätenÊtre en retard
50%
TretenFaire un pas
50%
Der WohnwagenLa caravane
50%
Der Anschluss, ¨-eLa correspondance / le raccordement
50%
Die Sehenswürdikeit, -enLa curiosité / le site
50%
Der Flughafen, -"L'aéroport
50%
Die Geschwindigkeitsbeschränkung, -enLa limitation de vitesse
50%
Das Rad, ¨-erLa roue
50%
Die Haltestelle, -nL'arrêt
50%
Die AnkunftL'arrivée
50%
Die Ausfahrt, -enLa sortie
50%
Die Versicherung, -enL'assurance
50%
Die Tankstelle, -nLa station-service / la station-essence
50%
Das Zelt, -eLa tente
50%
Die Autobahn, -enL'autoroute
50%
Der Gang, ¨-eLa vitesse / le passage
50%
Das SegelLa voile
50%
Das Schiff, -e / das Boot, -eLe bateau
50%
Der LKW, -sLe camion
50%
Die Ladung, -enLe chargement
50%
Der FahrerLe chauffeur
50%
Die (Eisen)bahn, -enLe chemin de fer
50%
Der KofferraumLe coffre
50%
Der SchaffnerLe contrôleur
50%
Die Kreuzung, -enLe croisement / le carrefour
50%
Der RadfahrerLe cycliste
50%
Der Schaden,-"Le dommage / le dégât
50%
Der Seemann, ¨-erLe marin
50%
Der Stau, -sL'embouteillage / le bouchon
50%
Das Schild, -er / Das VerkehrszeichenLe panneau (de signalisation)
50%
Der Passagier, -eLe passager
50%
Der Führerschein, -eLe permis de conduire
50%
Der FussgängerLe piéton
50%
Der ReifenLe pneu
50%
Der Bahnsteig, -eLe quai
50%
Die Schiene, -nLe rail
50%
Das GepäckLes bagages
50%
Der AufenthaltLe séjour
50%
Die Einbahnstrasse, -nLe sens unique / voie à sens unique
50%
Das BenzinL'essence
50%
Der Zug, ¨-eLe train
50%
Die Fahrt, -enLe trajet / le parcours
50%
Die Strassenbahn, -enLe tram
50%
Der Bürgersteig, -eLe trottoir
50%
Die Kurve, -nLe virage
50%
Der Flug, ¨-eLe vol
50%
Der WagenLe wagon
50%
Der Ausflug, ¨-eL'excursion
50%
Der Fahrplan, ¨-eL'horaire
50%
EinsteigenMonter
50%
SchiebenPousser
50%
TankenPrendre de l'essence
50%
RudernRamer
50%
Versichern(S')assurer
50%
Heben(Sou)lever
50%
ZiehenTirer
50%
(Sich) drehenTourner
50%
ReisenVoyager
50%
Sich anschnallenAttacher sa ceinture / boucler sa ceinture
0%
ÜberfahrenÉcraser
0%
HupenKlaxonner
0%
Der Sicherheitsgurt, -eLa ceinture de sécurité
0%
Der VerkehrLa circulation / le trafic
0%
Die Umleitung, -enLa déviation / la déviation
0%
Die VorfahrtLa priorité
0%
Der AnhalterL'auto-stoppeur
0%
Der SchalterLe guichet
0%
ÜbernachtenPasser la nuit
0%
MarkierenSignaliser
0%

Distribution des résultats

Percentile par nombre de réponses

% des personnes avec chaque résultat

Votre développement - résultats

Vous n’avez pas pris ce quiz depuis la dernière actualisation